Discrete-parameter martingales /
Guardado en:
| Autor Principal: | |
|---|---|
| Formato: | Libro |
| Idioma: | English French |
| Publicado: |
Amsterdam : New York :
North-Holland ; American Elsevier,
1975.
|
| Series: | North-Holland mathematical library ;
v. 10 |
| Materias: | |
| Etiquetas: |
Agregar Etiqueta
Sin Etiquetas, Sea el primero en etiquetar este registro!
|
| LEADER | 00972cam a2200265 a 4500 | ||
|---|---|---|---|
| 001 | MAT.inmabb004611 | ||
| 008 | 760213s1975####ne#######b####001#0#eng## | ||
| 005 | 20160407154402.0 | ||
| 245 | 1 | 0 | |a Discrete-parameter martingales / |c J. Neveu ; translated by T. P. Speed. |
| 260 | |a Amsterdam : |b North-Holland ; |a New York : |b American Elsevier, |c 1975. | ||
| 300 | |a viii, 236 p. ; |c 23 cm. | ||
| 440 | 0 | |a North-Holland mathematical library ; |v v. 10 | |
| 500 | |a Traducción revisada de: Martingales à temps discret. Paris : Masson, 1972. | ||
| 504 | |a Bibliografía: p. 222-234. | ||
| 510 | 4 | |a MR, |c 53 #6729 | |
| 020 | |a 0720428106 (North-Holland) | ||
| 020 | |a 0444107088 (American Elsevier) | ||
| 100 | 1 | |a Neveu, J. |q (Jacques) | |
| 240 | 1 | 0 | |a Martingales à temps discret. |l Inglés |
| 650 | 0 | |a Martingales (Mathematics) | |
| 084 | |a 60G42 (60G40) |2 msc2000 | ||
| 010 | |a 74079241 | ||
| 040 | |a DLC |c DLC |d DLC | ||
| 041 | 1 | |a eng |h fre | |
| 859 | |h 60 |i N519d |p A-4387 |b BIB. MATEMATICA | ||
